MDQL
is popping MORE tags! Check the
thread
!
Quizzes
Events
Quiz Creation
Community
Videos
Private Events
Remove Ads
Sign In
Join for FREE
Feedback
Dark Mode
Quiz Categories
Sports
Geography
Music
Movies
Television
Just For Fun
Miscellaneous
History
Literature
Language
Science
Gaming
Entertainment
Religion
Holiday
For Kids
Quiz Lab
Recent
Popular Today
Quiz Kudos Today
Editor Picks
Curator Picks
Quizzes by...
Day
Popularity
Type
Ratings
Length
Year
Community
Subscriptions
Recent Discussions
Orange Saloon
Badges
Playlists
Quests
Create
Leaderboards
Showdown
Live 5
Trivia Bingo
Activity
Puzzle Library
Sporcle Events
Private Events
Virtual Trivia
Globe League
Become a Host
Pub Owners
SporcleCon
Opinionation
Our Games
Videos
Blog
Mobile Apps
Partnerships
Remove Ads and Go Orange
Feedback
Sports
Athletes
MLB
NBA
NHL
NFL
Soccer
Sports Teams
WWE
NCAA
Football
Premier League
Basketball
Baseball
Hockey
Golf
Tennis
Cricket
Rugby
Auto Racing
Olympics
World Cup
Sports
Athletes
MLB
NBA
NHL
NFL
Soccer
Sports Teams
WWE
NCAA
Football
Premier League
Basketball
Baseball
Hockey
Golf
Tennis
Cricket
Rugby
Auto Racing
Olympics
World Cup
Random Quiz
Search Sporcle
×
Quiz Lab
Quiz Lab
Sports
Football
Type in answers that appear in a list
Type in answers that appear in a list
Classic
Best Score? Go Orange.
Blackpool FC Squad Members 2014/15 Season Stats
Can you name all the 54 players named in Blackpool FC matchday squads in the 2014/15 season?
By
henrywoodsford
15m
54 Questions
84 Plays
84 Plays
84 Plays
Comments
Comments
Give Quiz Kudos
Give Quiz Kudos
-
- Ratings
hide this ad
Replay
Link that replays current quiz
Next Quiz
Link to next quiz in quiz playlist
You Got
0%
They Got
Avg Score
51%
Avg Friend Score
Upgrade to see
Score Distribution
Jump to the score distribution portion of the page
Score
0/54
Timer
15:00
0
Plays Today
Squad Number
Player Name
% Correct
1
Joe Lewis
89.3%
2
Tom Aldred
73.8%
4
David Perkins
72.6%
25
David Ferguson
72.6%
3
Joan Oriol
70.2%
9
Steven Davies
67.9%
13
Francois Zoko
66.7%
23
Edu Oriol
66.7%
31
Jamie O'Hara
66.7%
21
Elliot Parish
65.5%
6
Peter Clarke
64.3%
2
Donervon Daniels
64.3%
33
Mark Waddington
64.3%
17
Ishmael Miller
63.1%
34
Dominic Telford
63.1%
22
Jose Cubero
61.9%
5
Gary Mackenzie
60.7%
11
Andrea Orlandi
60.7%
19
Nile Ranger
59.5%
7
Tomasz Cywka
58.3%
8
Jacob Mellis
57.1%
12
Chris Eagles
54.8%
43
Bright Osayi-Samuel
54.8%
48
Darren O'Dea
54.8%
18
Charles Dunne
52.4%
29
Tony McMahon
52.4%
40
Henry Cameron
52.4%
Squad Number
Player Name
% Correct
20
Sergei Zenjov
51.2%
25
Jacob Murphy
51.2%
27
Tom Barkhuizen
51.2%
20
Connor Oliver
48.8%
24
Gary Madine
45.2%
24
John Lundstram
45.2%
28
Jeffrey Rentmeister
45.2%
30
Saer Sene
45.2%
32
Grant Hall
44%
42
Myles Boney
44%
37
Nyron Nosworthy
42.9%
12
Joe Rothwell
42.2%
3
Nial Maher
40.5%
39
Andre Blackman
40.5%
41
Luke Higham
40.5%
16
Joel Dielna
39.3%
38
Alex Henshall
39.3%
26
Kevin Foley
35.7%
35
Tom Kennedy
35.7%
32
Brian Lenihan
34.5%
12
Michael Jacobs
34.5%
17
Miles Addison
33.3%
15
Formose Mendy
32.1%
41
Islam Feruz
31%
36
Daniel Milton
29.8%
14
Nathan Delfonseso
22.6%
38
Stuart O'Keefe
22.6%
Quiz Playlist
Details
Report
Send in Message
Add To Playlist
Classic:
Type in answers that appear in a list
Last Updated: Feb 16, 2017
Quiz Scoreboard
CHALLENGE
Sign Up to Join the Scoreboard
Show All
Scores
Hide
Comments
May contain spoilers
Recently Published
Two Season TV Shows II
by 123Four
Television
10m
Image Sorting: Flags VI
by Barbecue
Geography
2m
Find the 'City' Movie
by crazypaving
Movies
60s
More to Explore
Quiz From the Vault
Featured Blog Post
14 Easter Pick-up Lines to Find Eggs With
hide this ad
You Might Also Like...
Tags
Football Quiz
Soccer Quiz
blackpool
Championship Football
English Soccer
lancashire
Squad
Today's Top Quizzes in Sports
Browse Sports
hide this ad
Today's Top Quizzes in Football
Browse Football
Top Contributed Quizzes in Sports
1
Les meilleurs buteurs des matchs entre le PSG et l’OM
2
Les entraîneurs de l'OM et du PSG au 21e siècle
3
2022 World Cup Stars
4
Les joueurs passés par le PSG et l'OM
5
Players with Multiple 50 Home Run Seasons
6
Criteria MLB: Left Handed Sluggers
7
FIFA Club World Cup Champions
8
Les joueurs passés par le LOSC et le RC Lens
9
NBA Logic Puzzle 2.0
10
Top 10 NHL Goal Scorers of All Time
Explore More
Trending Topics
Anime
Kpop
Marvel
Disney
Harry Potter
Crossword
NBA
Pokémon
NFL
Song
Puzzle
WWE
The Office
Country
Soccer
hide this ad
More By:
henrywoodsford
Quiz
Plays
Rating
Category
Featured
Created
Blackpool FC Squad Members 2014/15 Season
84
2.00
Sports
May 4, 2015
Go to Creator's Profile
Score Distribution
Quiz Creator Spotlight
henrywoodsford
Follow
Send a Message
Quizzes Created
-
Created Quiz Play Count
-
More By This Creator
Popular Quizzes Today
1
Find the US States - No Outlines Minefield
2
Colored Red Africa Blitz
3
Find the 'City' Movie
4
5x2 Blitz: Bands
5
The Countries of the World
6
Find the Countries of Europe - No Outlines Minefield
7
Find the US States
8
US States
More Sports Quizzes
France's starting XI in quarter finals of the EURO/WC
Quiz Lab
Trending Quizzes
Colored Red Europe Blitz I
Colored Red Africa Blitz II
Colored Red Europe Blitz II
Colored Red Africa Blitz III
Colored Red Europe Blitz III
Recently Updated
How Do You Spell That?
pecheneg
Godzilla Movies
pecheneg
Grab Bag: 4-10 Letters
pecheneg
2024 March Madness Bracket
pecheneg
Famous TV Couples
Peacemaker
Champions League XIs: Real Madrid
pecheneg
Largest US Cities 1790-2010
pecheneg
Rides in Walt Disney World
pecheneg
Most Oscar Losses (Acting)
pecheneg
Beyoncé Albums
pecheneg
Trending Topics
NBA
Disney
Anime
Crossword
Kpop
Marvel
Harry Potter
Country
NFL
Song
Puzzle
The Office
WWE
Pokémon
Soccer
Your Account Isn't Verified!
In order to create a playlist on Sporcle, you need to verify the email address you used during registration. Go to your
Sporcle Settings
to finish the process.
Report this User
Report this user for behavior that violates our
Community Guidelines
.
Details:
Send Report
Go to the Sporcle.com Mobile Site →
Comments